000
00258nam a2200109Ia 4500
008
220204s9999 xx 000 0 und d
082
_a
082.09
_b
BRE
100
_a
Brett, R L
245
0
_a
Fancy and imagination
260
_a
London
_b
Methuen
_c
1969
942
_c
BK
999
_c
34139
_d
34139